| 000 | 00969nam a22003017a 4500 | ||
|---|---|---|---|
| 001 | 5954 | ||
| 003 | FISKH | ||
| 005 | 20250509105216.0 | ||
| 008 | 250211b cb ||||| |||| 00| 0 eng d | ||
| 020 | _a9780439097000 | ||
| 040 |
_aFISKH _beng _cFISKH _dFISKH |
||
| 050 | _aPZ7.D2193 B | ||
| 082 | _a 823.914 | ||
| 100 |
_aM.Baglio, Ben _d(1960-) |
||
| 245 |
_aBunnies in the bathroom / _cBen M.Baglio ; Illustrations by Shelagh McNicholas ; Cover illustration by Mary Ann Lasher |
||
| 250 | _aThis edition first published in 2000 | ||
| 260 |
_aLondon : _bScholastic, _c1995. |
||
| 300 |
_a135 pages : _billustrations ; _c20 cm |
||
| 505 | _aP | ||
| 520 | _aMandy and James try to find the new owner of two rabbits which John wants to buy. | ||
| 521 | 8 |
_a610
_bLexile |
|
| 521 | 8 |
_aP
_bRaz-Plus |
|
| 650 |
_2Children's _aAnimals |
||
| 650 |
_2Rabbits _aFiction |
||
| 700 |
_aMcNicholas, Shelagh _dillustrator |
||
| 942 |
_2ddc _cBK _n0 |
||
| 999 |
_c5954 _d5954 |
||